|
|
|
|
| LEADER |
00000nab a2200000 a 4500 |
| 001 |
vtls000347110 |
| 003 |
SK-MaSNL |
| 005 |
20260304004650.0 |
| 008 |
140422c1989 xo 0 slo |
| 015 |
|
|
|a SNBRB19rr/mm-uuuuu
|
| 035 |
|
|
|a CL0347232
|
| 040 |
|
|
|a SNKBUCL
|b slo
|c SNKBUCL
|e AACR2
|
| 041 |
0 |
|
|a slo
|
| 044 |
|
|
|a xo
|c SK
|
| 080 |
|
|
|a 719:728.5
|2 1981
|
| 080 |
|
|
|a 728.5(437.6)
|2 1981
|
| 080 |
|
|
|a 904(437.6):728.5
|2 1981
|
| 100 |
1 |
|
|a Minarovič, Marián,
|d 1946-2016
|4 aut
|9 56128
|
| 245 |
1 |
0 |
|a Ako sa láme história jednej štvrte
|c Marián Minarovič
|
| 610 |
2 |
7 |
|a Hotel Continental (Bratislava, Slovensko)
|2 snkbucl
|9 81690
|
| 650 |
0 |
7 |
|a kultúrne pamiatky
|z Bratislava (Slovensko)
|2 snkbucl
|9 79288
|
| 651 |
|
7 |
|a Bratislava (Slovensko)
|2 snkbucl
|
| 655 |
|
7 |
|a články z novín a časopisov
|2 snkbucl
|9 267496
|
| 773 |
0 |
|
|t Literárny týždenník
|g Roč. 2, č. 3 (1989), s. 10
|
| 850 |
|
|
|a Slovenská národná knižnica v Martine
|a MTA001
|
| 852 |
|
|
|a SNK
|b KIS3GCP
|
| 999 |
|
|
|c 2552425
|d 2554355
|